Sitcom by Last Name Quiz Stats

Quiz not verified by Sporcle

Challenge
Share
Tweet
Score 0/30 Timer 04:00
8 Plays Today
% Correct
The Flintstones
90.4%
Friends
88.1%
The Cosby Show
87.5%
South Park
86.6%
Seinfeld
86.6%
Family Guy
86.5%
Married... with Children
85.8%
I Love Lucy
85.2%
Full House
81.3%
All In the Family
81%
The Big Bang Theory
80.9%
Happy Days
79.6%
The Fresh Prince of Bel Air
78%
Roseanne
77%
Cheers
75.9%
% Correct
Modern Family
75.4%
30 Rock
74.3%
Family Ties
73%
That 70's Show
72.5%
Arrested Development
71.4%
Bewitched
69.5%
How I Met Your Mother
68.2%
Family Matters
66.2%
Will & Grace
61.9%
Boy Meets World
61.5%
WKRP in Cincinnati
61.5%
Saved by the Bell
61%
The Wonder Years
60.4%
Scrubs
57.8%
The Simpsons
56.5%

You're not logged in!

Compare scores with friends on all Sporcle quizzes.
Join for Free
OR
Log In

You Might Also Like...

Show Comments

Extras

Top Quizzes Today


Score Distribution

Your Account Isn't Verified!

In order to create a playlist on Sporcle, you need to verify the email address you used during registration. Go to your Sporcle Settings to finish the process.

Report this User

Report this user for behavior that violates our Community Guidelines.

Details: